| 000 | 00915nam a2200241Ia 4500 | ||
|---|---|---|---|
| 005 | 20150709132611.0 | ||
| 008 | 130821s2012 ck gr spa | ||
| 020 | _a9789587119473 | ||
| 040 |
_aCO-BoUCM _bspa _cJose A. Gerena (modificó) _d[Nuevo] |
||
| 041 | 0 | 0 | _aspa |
| 100 | 1 |
_aPérez Villa, Jorge _969936 |
|
| 245 | 1 | 0 |
_aComentarios al código de procedimiento administrativo y de lo contencioso administrativo _cJorge Pérez Villa |
| 260 |
_aBogotá (Colombia) _bLeyer _c2012 |
||
| 300 | _axvi, 669 páginas | ||
| 500 | _aIncluye índice general e índice de materias. | ||
| 650 | 0 | 7 |
_aDerecho administrativo _912695 |
| 650 | 0 | 7 |
_aDerecho administrativo _zColombia _931733 |
| 650 | 0 | 7 |
_aProcedimiento administrativo _922330 |
| 650 | 0 | 7 |
_aProceso administrativo _922374 |
| 690 |
_942763 _aDerecho administrativo |
||
| 942 |
_cLIBRO _a8 _e1 _mP438c _2DEWEY _h342.066 |
||
| 999 |
_c40982 _d40982 |
||